000 00768nam a22002417a 4500
005 20170124110214.0
010 _aA-710102
020 _c80.00
035 _aA-710102
037 _bCen Lib/Ret
040 _aDPL
_bEN
082 _a954.01
_bREN
100 _aRenou, Louis
_938707
245 _aThe civilization of ancient India /
_cby Louis Renou ; translated by Philip Spratt
260 _aDelhi
_bIndological Book House
_c1987
270 _a42-43 U B Jawahar Nagar (1st Floor)
_bDelhi
_e110007
300 _avi,189p.
_c22cm(Hb)
500 _aIncludes bibliographical references
650 _aIndia -- Civilization
_912282
650 _aHindu civilization
_923064
700 _aSpratt, Philip
_938708
942 _2ddc
_cEN
_h954.01
_mREN
999 _c133708
_d133708